000 01526ngm a22003970a 4500
001 PT41393
003 AR-LpoUNG
005 20210201235906.0
007 vd cvaizq
008 191001s1987||||bl |||||||||||||||||por d
037 _c$13.75
040 _aAR-LpoUNG
_bspa
_cAR-LpoUNG
_eaacr
041 _apor
044 _abl
082 0 _a980.031 126gue
100 1 _aBack, Sylvio
_edir.
245 1 3 _aLa guerra de la Triple Alianza
260 _as.l. :
_bs.n.,
_c1987.
300 _aDVD (83 min.) : son., col.
505 0 _aTítulo original : Guerra do Brasil. - Subtítulos en español
520 _aLa Guerra del Paraguay, el conflicto armado más grande de America del Sur ocurrido en el siglo pasado. Muestra a traves de la historia y la imaginacion popular, una guerra en la que estuvo involucrado el Brasil, Paraguay, Argentina y Uruguay. Cerca de un millon de muertos fue el saldo (Ese número aumenta o disminuye según quien cuente la historia) "Guerra do Brasil" (1987, brasilera) bajo la direccion de Silvio Back, es una mezcla de ficcion ydocumental, muestra la version de la contienda del vencedor y del vencido despues de la Guerra dela Triple Alianza.
650 4 _aANALISIS HISTORICO
650 4 _aARGENTINA
650 4 _aBRASIL
650 4 _aGUERRA
650 4 _aPARAGUAY
650 4 _aURUGUAY
651 4 _aAmérica Latina
653 _aBELICO
653 _aCINE ARGENTINO
653 _aDOCUMENTALES
653 _aDVD
653 _aVIDEOS
905 _a41393
942 _cDVD
999 _c53727
_d53727